| 000 | 00500nam a2200193Ia 4500 | ||
|---|---|---|---|
| 008 | 210719s1983 xx 000 0 und d | ||
| 020 | _a0-255-36163-7 | ||
| 041 | _aeng | ||
| 082 | _a338.9 LALP | ||
| 100 | _aLAL (Deepak) | ||
| 245 | _aPoverty of development economics | ||
| 260 |
_aLondon _c1983 |
||
| 300 |
_axiii,130 _bPB |
||
| 365 |
_b3 _cGBP |
||
| 440 | _aHobart paperback;16 | ||
| 650 | _aEconomic Development | ||
| 650 | _aEconomics | ||
| 906 | _adevelopment ; economics ; of ; Poverty | ||
| 999 |
_c214400 _d214400 |
||